Statystyki dla Stolice świata najbliżej Ankary

Kliknij tutaj aby rozwiązać quiz!

Ogólne statystyki

  • Ten quiz został rozwiązany 351 razy
  • Średni wynik to 12 z 20

Statystyki odpowiedzi

kmstolica% Poprawnych
818Ateny
95%
854Sofia
84%
750Bukareszt
80%
932Jerozolima
69%
530Nikozja
69%
1154Belgrad
67%
987Skopje
66%
776Damaszek
65%
1111Tirana
62%
1186Kijów
61%
1109Kair
59%
850Kiszyniów
56%
1263Bagdad
55%
992Erywań
53%
1023Prisztina
53%
1028Tbilisi
53%
1170Podgorica
50%
712Bejrut
42%
930Amman
35%
917Ramallah
1%

Rozkład punktacji

Percentyl według liczby udzielonych odpowiedzi

Procent ludzi z każdym wynikiem

Twoja historia wyników

Nie rozwiązałeś tego quizu